Budgetierung unter Berücksichtigung sozialer Präferenzen diplomová práca

Salvato in:
Dettagli Bibliografici
Autore principale: Franke, Dorothea
Ente Autore: Ekonomická univerzita v Bratislave. Fakulta hospodárskej informatiky
Altri autori: Weiser, Christoph
Natura: Libro
Lingua:tedesco
Pubblicazione: Bratislava 2016
Tags: Aggiungi Tag
Nessun Tag, puoi essere il primo ad aggiungerne!!

MARC

LEADER 00000nbm a2200000 4500
001 0233214
005 20240913091915.7
041 0 |a ger 
044 |a SK 
245 1 0 |a Budgetierung unter Berücksichtigung sozialer Präferenzen  |b diplomová práca  |c Dorothea Franke ; školiteľ: Christoph Weiser 
264 1 |a Bratislava  |c 2016 
300 |a 50 s. 
100 1 |a Franke, Dorothea 
700 1 |a Weiser, Christoph 
710 2 |a Ekonomická univerzita v Bratislave. Fakulta hospodárskej informatiky